|
|
|
|
| LEADER |
00000nam a2200000 a 4500 |
| 001 |
vtls001183569 |
| 003 |
SK-MaSNL |
| 005 |
20260301112338.0 |
| 008 |
180126s1995 xo 0 slo |
| 020 |
|
|
|c b.c.
|
| 035 |
|
|
|a SNK000126623
|
| 040 |
|
|
|a SNK
|b slo
|c SNK
|e AACR2
|
| 044 |
|
|
|a xo
|c SK
|
| 245 |
1 |
|
|a Hans Christian Andersen a jeho rozprávky
|
| 260 |
|
|
|a Trebišov
|b Okresná knižnica
|c 1995
|
| 300 |
|
|
|a [7] s.
|c 21 cm
|
| 600 |
1 |
|
|a Andersen, Hans Christian,
|d 1805-1875
|2 SNK
|9 243296
|
| 999 |
|
|
|c 710141
|d 712071
|
| 952 |
|
|
|t P60, <03>, [BOOK], {603}
|a SNK
|b SNK
|y PREZ
|7 0
|p 17A0001232
|o snkOSC 18347
|i snkKSP 2874/96
|0 0
|1 0
|4 0
|d 1996-03-14
|l 0
|r 2005-01-01 00:00:00
|w 2026-02-23
|